Italian 1000 most common words - Statistics

General Stats
  • This quiz has been taken 257 times
  • The average score is 149 of 1000
Answer Stats
Hint ANSWER % Correct
23 i
97%
112 i'
97%
66 o
97%
9 a
96%
4 è
96%
5 e
96%
34 e'
96%
151 é
96%
350 ê
96%
45 c'
94%
790 c
94%
17 l'
94%
445 l
94%
916 t'
93%
945 t
93%
741 n'
92%
552 S.
92%
886 s'
92%
89 d'
91%
812 d
91%
689 m'
90%
775 r
86%
31 no
83%
16 ma
79%
26 se
79%
30 ci
78%
21 si
78%
40
78%
901 si'
78%
6 la
77%
318
77%
20 le
76%
63 so
75%
2 di
74%
39 tu
73%
8 un
73%
91 un'
73%
13 mi
70%
18 lo
68%
746 de
66%
797 do
66%
319 qua
64%
90 uno
64%
714 be'
63%
7 il
62%
10 per
61%
129 po'
61%
171 sa
60%
110 vi
59%
29 da
58%
838
58%
207 tre
58%
98 due
57%
27 io
57%
144 li
57%
215
57%
941 ve
57%
43 al
56%
182 ce
56%
56 ne
56%
513
56%
1 non
56%
49 te
56%
19 ha
55%
97 fa
54%
41 me
54%
36 sei
54%
14 sono
54%
3 che
53%
105 su
53%
65 chi
49%
468 com'
49%
15 ho
49%
47 lei
48%
22 ti
48%
12 una
48%
11 in
47%
477 quattro
47%
383 quei
47%
449 re
47%
51 gli
46%
77 lui
46%
33 qui
46%
74 va
46%
165 cos'
45%
164 ciao
43%
24 con
43%
370 bel
42%
96 sta
42%
169 dal
41%
37 del
41%
44 mio
41%
132 voi
41%
137 all'
40%
328 buon
39%
95 noi
39%
561 ben
38%
35 hai
38%
874 sette
38%
233 bella
37%
25 cosa
37%
454 amo
36%
103 casa
36%
471 cinque
36%
145 dell'
36%
502 fra
36%
46 perché
36%
186 perchè
36%
541 perche'
36%
59 quando
36%
211 mamma
35%
104 sia
35%
28 come
34%
53 della
34%
234 dov'
34%
373 far
34%
159 giorno
34%
94 hanno
34%
111 loro
34%
55 mia
34%
653 dieci
33%
83 dove
33%
453 quest'
32%
67 alla
31%
757 allo
31%
326 bello
31%
58 fare
31%
249 notte
31%
88 siamo
31%
191 tra
31%
321 aver
30%
81 nel
30%
574 qual
30%
149 via
30%
285 abbia
29%
122 andare
29%
38 bene
29%
62 essere
29%
273 ll
29%
64 mai
29%
266 papà
29%
32 questo
29%
68 tutti
29%
192 vai
29%
79 abbiamo
28%
188 alle
28%
135 andiamo
28%
531 mangiare
28%
42 più
28%
626 piu'
28%
933 piu
28%
93 tuo
28%
52 tutto
28%
128 ad
27%
410 anno
27%
953 mare
27%
60 ora
27%
119 quel
27%
57 questa
27%
230 siete
27%
219 avere
26%
198 avete
26%
281 buona
26%
627 buono
26%
222 donna
26%
76 grazie
26%
216 madre
26%
334 nell'
26%
162 padre
26%
146 sto
26%
82 suo
26%
78 voglio
26%
409 fu
25%
358 sera
25%
522 vede
25%
566 gran
24%
335 mano
24%
69 molto
24%
86 prima
24%
290 ragazza
24%
768 sole
24%
106 tua
24%
152 dio
23%
158 fai
23%
402 fratello
23%
114 sai
23%
126 uomo
23%
346 città
22%
378 col
22%
54 così
22%
456 cosi
22%
752 cosi'
22%
214 grande
22%
795 ie
22%
125 nella
22%
227 nostro
22%
442 parla
22%
130 può
22%
448 quell'
22%
291 ragazzo
22%
600 sorella
22%
115 stai
22%
150 sul
22%
399 bambino
21%
542 cane
21%
228 degli
21%
109 dire
21%
289 domani
21%
246 faccia
21%
180 male
21%
124 poi
21%
147 quanto
21%
92 sua
21%
118 vita
21%
172 ai
20%
70 dei
20%
120 delle
20%
386 però
20%
107 sempre
20%
121 tempo
20%
245 tutta
20%
87 allora
19%
195 amico
19%
599 auto
19%
690 caffè
19%
156 cose
19%
181 dai
19%
133 già
19%
416 giù
19%
384 mie
19%
253 nostra
19%
353 primo
19%
367 quale
19%
73 quello
19%
229 questi
19%
763 sull'
19%
255 vado
19%
173 vedere
19%
362 vostro
19%
136 anni
18%
961 dia
18%
154 dopo
18%
225 faccio
18%
533 figli
18%
170 lavoro
18%
75 niente
18%
347 occhi
18%
243 oggi
18%
461 piccolo
18%
84 posso
18%
332 secondo
18%
270 senti
18%
48 solo
18%
400 strada
18%
408 vedi
18%
102 vero
18%
403 acqua
17%
894 amica
17%
396 anch'
17%
419 bambini
17%
417 donne
17%
709 fammi
17%
61 fatto
17%
212 guarda
17%
548 ieri
17%
583 libro
17%
361 macchina
17%
423 ore
17%
210 parlare
17%
163 puoi
17%
288 ragazzi
17%
551 scuola
17%
606 sopra
17%
201 sulla
17%
338 vedo
17%
655 voglia
17%
311 amici
16%
71 anche
16%
644 andate
16%
465 buongiorno
16%
930 cibo
16%
365 dall'
16%
711 dello
16%
50 era
16%
336 facciamo
16%
450 fanno
16%
849 legge
16%
363 mani
16%
828 mattina
16%
928 nello
16%
535 paese
16%
359 piano
16%
278 porta
16%
117 quella
16%
349 Sig.
16%
293 sotto
16%
512 tue
16%
305 tuoi
16%
256 tutte
16%
99 vuoi
16%
748 zio
16%
662 bambina
15%
562 cena
15%
525 dare
15%
703 dev'
15%
196 dice
15%
194 miei
15%
209 prego
15%
250 queste
15%
496 settimana
15%
743 vanno
15%
560 bere
14%
784 bocca
14%
406 chiama
14%
342 dici
14%
160 ed
14%
372 famiglia
14%
494 fate
14%
514 figlia
14%
251 figlio
14%
348 fine
14%
573 gioco
14%
924 mese
14%
377 nostri
14%
223 nuovo
14%
900 occhio
14%
899 oro
14%
440 pensa
14%
232 piace
14%
441 poco
14%
421 quelli
14%
642 ragazze
14%
892 sanno
14%
360 sento
14%
184 signor
14%
235 soldi
14%
80 stato
14%
265 testa
14%
411 vostra
14%
675 arrivederci
13%
323 cazzo
13%
581 chiamo
13%
597 cielo
13%
108 forse
13%
437 forte
13%
764 giocare
13%
515 molti
13%
572 musica
13%
457 nelle
13%
619 nostre
13%
686 parli
13%
393 quelle
13%
254 sapere
13%
155 senza
13%
339 stanno
13%
280 stare
13%
422 state
13%
329 terra
13%
401 vecchio
13%
312 venire
13%
693 vostri
13%
608 vuol
13%
134 adesso
12%
710 alto
12%
113 altro
12%
100 ancora
12%
823 brutto
12%
123 certo
12%
297 ciò
12%
189 dalla
12%
313 dico
12%
665 dormire
12%
791 guardare
12%
307 letto
12%
252 mondo
12%
296 nei
12%
434 perso
12%
760 porto
12%
271 presto
12%
565 quanti
12%
153 sarà
12%
390 scusa
12%
678 sulle
12%
261 suoi
12%
179 tanto
12%
337 vediamo
12%
472 vicino
12%
516 volete
12%
143 vuole
12%
569 agli
11%
274 basta
11%
381 capo
11%
116 devo
11%
237 favore
11%
885 freddo
11%
322 giorni
11%
554 lavorare
11%
631 luce
11%
345 meno
11%
621 molte
11%
247 nome
11%
470 pensare
11%
262 penso
11%
884 poter
11%
871 quali
11%
352 scusi
11%
504 sentire
11%
213 signora
11%
391 sola
11%
602 stia
11%
357 stiamo
11%
398 sue
11%
614 sui
11%
473 uscire
11%
994 verrà
11%
773 viaggio
11%
629 vivo
11%
595 vogliono
11%
269 vorrei
11%
717 chiami
10%
131 credo
10%
221 ero
10%
139 fuori
10%
751 guardi
10%
330 ia
10%
414 marito
10%
796 negli
10%
431 nessun
10%
601 nuova
10%
320 pensi
10%
407 persona
10%
217 possiamo
10%
355 salve
10%
127 signore
10%
176 troppo
10%
734 trova
10%
786 vecchia
10%
800 vera
10%
634 vogliamo
10%
199 altra
9%
239 altri
9%
258 amare
9%
896 anima
9%
676 arriva
9%
277 avuto
9%
747 bagno
9%
613 caro
9%
672 cerca
9%
371 cuore
9%
72 detto
9%
200 deve
9%
166 devi
9%
543 dimmi
9%
167 ecco
9%
648 entra
9%
458 felice
9%
782 grandi
9%
292 insieme
9%
765 lontano
9%
538 mezzo
9%
779 minuto
9%
174 ogni
9%
518 parola
9%
598 parole
9%
141 parte
9%
880 parti
9%
303 piacere
9%
558 piccola
9%
459 piedi
9%
722 potere
9%
708 potete
9%
295 pronto
9%
282 quindi
9%
993 santo
9%
988 sinistra
9%
983 soli
9%
394 trovare
9%
793 vengo
9%
138 visto
9%
257 aspetta
8%
418 bravo
8%
898 buonasera
8%
862 chiamare
8%
618 crede
8%
587 dalle
8%
242 dentro
8%
636 dicono
8%
495 difficile
8%
584 domanda
8%
316 fino
8%
204 gente
8%
528 mesi
8%
505 numero
8%
85 oh
8%
559 pare
8%
327 persone
8%
729 portare
8%
553 possono
8%
177 posto
8%
818 prende
8%
715 sapete
8%
630 sappiamo
8%
609 telefono
8%
922 treno
8%
272 uomini
8%
187 vieni
8%
575 aria
7%
732 arrivare
7%
568 ascolta
7%
816 brava
7%
721 capelli
7%
540 cara
7%
696 cercare
7%
668 chiaro
7%
658 credere
7%
354 credi
7%
178 cui
7%
483 dica
7%
517 dottor
7%
366 dottore
7%
488 entrare
7%
481 eri
7%
807 fame
7%
333 film
7%
267 giusto
7%
666 lasci
7%
589 lungo
7%
161 meglio
7%
508 messo
7%
415 minuti
7%
259 moglie
7%
942 natale
7%
157 nessuno
7%
956 pagare
7%
867 porti
7%
341 prendere
7%
462 prendi
7%
712 prendo
7%
432 punto
7%
202 qualche
7%
101 qualcosa
7%
903 quante
7%
965 risposta
7%
860 sala
7%
682 sarai
7%
576 sarò
7%
825 sente
7%
519 signori
7%
837 spesso
7%
374 stati
7%
955 TV
7%
485 vivere
7%
664 voce
7%
148 volta
7%
224 ah
6%
476 altre
6%
183 bisogno
6%
813 buonanotte
6%
314 capisco
6%
950 chiedere
6%
649 chiedo
6%
938 coi
6%
806 conosce
6%
500 conto
6%
571 corpo
6%
331 dato
6%
463 dietro
6%
205 dobbiamo
6%
611 facile
6%
604 festa
6%
529 fuoco
6%
893 genitori
6%
856 giornata
6%
395 giro
6%
864 libero
6%
578 magari
6%
769 mettere
6%
493 migliore
6%
344 morte
6%
891 peggio
6%
380 polizia
6%
539 prova
6%
469 pure
6%
168 qualcuno
6%
594 saranno
6%
995 saremo
6%
501 stanza
6%
404 stasera
6%
241 subito
6%
801 tante
6%
854 tanti
6%
369 tardi
6%
931 tempi
6%
635 ultimo
6%
388 viene
6%
298 volte
6%
375 aiuto
5%
447 andato
5%
697 arrivo
5%
698 aspettare
5%
236 avevo
5%
725 avrà
5%
694 camera
5%
474 conosco
5%
787 culo
5%
526 dammi
5%
890 domande
5%
279 erano
5%
499 fatta
5%
684 fatti
5%
563 giovane
5%
397 guerra
5%
484 lascia
5%
980 lettera
5%
460 merda
5%
876 metti
5%
304 morto
5%
325 nulla
5%
248 ok
5%
263 paura
5%
754 pezzo
5%
736 resta
5%
260 sicuro
5%
590 torna
5%
704 addio
4%
865 aereo
4%
987 aiutare
4%
730 aspetti
4%
218 avanti
4%
226 aveva
4%
723 avevi
4%
382 avrebbe
4%
340 avrei
4%
588 campo
4%
991 canzone
4%
537 capire
4%
691 capisci
4%
949 cinema
4%
974 cioè
4%
387 contro
4%
142 davvero
4%
755 devono
4%
240 dispiace
4%
822 dovete
4%
268 eh
4%
660 eravamo
4%
726 fantastico
4%
536 farà
4%
443 farò
4%
524 finché
4%
810 finire
4%
231 forza
4%
238 fosse
4%
958 fronte
4%
982 grosso
4%
430 importa
4%
452 importante
4%
720 lasciare
4%
954 maestro
4%
389 mentre
4%
206 modo
4%
208 momento
4%
478 morire
4%
356 nave
4%
523 nessuna
4%
762 odio
4%
851 oltre
4%
490 pace
4%
728 passo
4%
904 pieno
4%
549 possa
4%
301 preso
4%
908 provare
4%
379 quasi
4%
616 restare
4%
556 resto
4%
489 ricordo
4%
979 salute
4%
197 sarebbe
4%
534 serio
4%
777 settimane
4%
719 sicura
4%
603 signorina
4%
190 stata
4%
429 stessa
4%
276 stesso
4%
308 storia
4%
509 strano
4%
872 stronzo
4%
804 stupido
4%
385 tornare
4%
841 trovo
4%
647 ufficio
4%
497 ultima
4%
557 vada
4%
446 verità
4%
475 verso
4%
921 vestiti
4%
917 vestito
4%
521 vista
4%
294 volevo
4%
368 abbastanza
3%
695 alcuni
3%
520 andata
3%
661 arrivato
3%
669 aspetto
3%
309 caso
3%
455 chiesto
3%
820 circa
3%
503 comunque
3%
713 conosci
3%
990 contento
3%
739 diventare
3%
780 divertente
3%
498 dovrei
3%
657 esatto
3%
798 fermo
3%
413 finito
3%
510 fortuna
3%
883 gentile
3%
968 Gesù
3%
789 glielo
3%
844 guardate
3%
264 idea
3%
175 ii
3%
737 inizio
3%
802 ln
3%
847 Maria
3%
745 morta
3%
724 morti
3%
679 ormai
3%
845 ospedale
3%
506 parlato
3%
586 passare
3%
716 pazzo
3%
438 pensato
3%
511 perdere
3%
435 possibile
3%
275 potrebbe
3%
451 potrei
3%
656 potremmo
3%
740 potresti
3%
783 presidente
3%
315 problema
3%
875 pronta
3%
615 pronti
3%
815 prossima
3%
843 ricorda
3%
688 sarei
3%
750 sbagliato
3%
643 scritto
3%
203 sembra
3%
545 senso
3%
646 siano
3%
788 sogno
3%
625 soltanto
3%
392 spero
3%
424 stavo
3%
300 succede
3%
975 the
3%
814 Tom
3%
731 torno
3%
622 unica
3%
640 unico
3%
927 vale
3%
770 venite
3%
412 veramente
3%
799 zitto
3%
907 alcune
2%
482 almeno
2%
651 andando
2%
848 andrà
2%
919 avevano
2%
906 avrai
2%
781 avresti
2%
978 bastardo
2%
185 beh
2%
637 benissimo
2%
607 bisogna
2%
943 calma
2%
299 capito
2%
909 carino
2%
774 causa
2%
826 cavallo
2%
585 chiamato
2%
937 chiave
2%
805 Cristo
2%
579 davanti
2%
912 denaro
2%
692 dicendo
2%
939 diritto
2%
839 dirti
2%
439 dovrebbe
2%
623 dovremmo
2%
570 dovresti
2%
766 durante
2%
960 entrambi
2%
302 facendo
2%
857 faceva
2%
593 finita
2%
842 fondo
2%
544 fossi
2%
749 futuro
2%
1000 giuro
2%
986 grado
2%
999 gruppo
2%
596 hey
2%
925 impossibile
2%
963 interessa
2%
433 invece
2%
480 John
2%
532 lasciato
2%
680 maggiore
2%
507 mente
2%
855 messaggio
2%
984 mica
2%
873 mostro
2%
364 neanche
2%
976 notizie
2%
324 okay
2%
918 ottimo
2%
466 passato
2%
967 pena
2%
707 perfetto
2%
887 piacciono
2%
836 possibilità
2%
550 potuto
2%
140 proprio
2%
628 puttana
2%
633 qualsiasi
2%
286 ragione
2%
951 ritardo
2%
491 roba
2%
479 sangue
2%
881 saputo
2%
767 segreto
2%
287 sentito
2%
759 silenzio
2%
772 sistema
2%
895 solito
2%
996 speciale
2%
605 spiace
2%
670 squadra
2%
592 stava
2%
220 successo
2%
351 tesoro
2%
317 tipo
2%
718 tornato
2%
310 trovato
2%
832 usare
2%
652 venga
2%
427 venuto
2%
530 voleva
2%
742 voluto
2%
244 accordo
1%
911 America
1%
671 attento
1%
617 attenzione
1%
852 avesse
1%
667 avessi
1%
830 cambiare
1%
962 cambiato
1%
926 chiunque
1%
803 colonnello
1%
486 colpa
1%
687 colpo
1%
776 comandante
1%
913 compagnia
1%
650 coraggio
1%
654 credevo
1%
808 cura
1%
701 deciso
1%
376 diavolo
1%
997 diceva
1%
940 dimenticato
1%
948 dirlo
1%
771 dirmi
1%
744 disse
1%
467 dollari
1%
863 doveva
1%
989 dovevo
1%
425 dovuto
1%
193 ehi
1%
702 esattamente
1%
811 farai
1%
700 faremo
1%
283 farlo
1%
577 farmi
1%
870 finalmente
1%
639 foto
1%
821 funziona
1%
632 generale
1%
582 genere
1%
733 guai
1%
970 incontro
1%
428 indietro
1%
706 inglese
1%
914 interessante
1%
935 intorno
1%
492 Jack
1%
546 James
1%
934 laggiù
1%
794 lasciami
1%
861 mandato
1%
727 matrimonio
1%
929 milioni
1%
946 Miss
1%
735 motivo
1%
527 Mr.
1%
833 naturalmente
1%
426 nemmeno
1%
673 ordine
1%
591 paio
1%
612 parlando
1%
882 partita
1%
827 peccato
1%
973 pensando
1%
405 pensavo
1%
819 piacerebbe
1%
663 pistola
1%
840 piuttosto
1%
487 portato
1%
879 poteva
1%
792 probabilmente
1%
564 problemi
1%
878 programma
1%
947 provato
1%
846 qualunque
1%
902 radio
1%
952 realtà
1%
420 ricordi
1%
547 riesco
1%
683 sacco
1%
992 sapeva
1%
464 sapevo
1%
835 scelta
1%
778 semplice
1%
343 serve
1%
555 significa
1%
699 situazione
1%
977 sorpresa
1%
923 succedendo
1%
659 tratta
1%
761 uccidere
1%
436 ucciso
1%
869 uh
1%
756 venuta
1%
959 addosso
0%
610 affari
0%
850 agente
0%
944 altrimenti
0%
284 appena
0%
677 armi
0%
964 assolutamente
0%
567 attimo
0%
915 avvocato
0%
306 capitano
0%
444 cercando
0%
971 cercato
0%
888 Clark
0%
829 consiglio
0%
834 continua
0%
620 controllo
0%
858 energia
0%
920 esercito
0%
624 farti
0%
681 fretta
0%
638 Harry
0%
877 Henry
0%
981 incidente
0%
859 incredibile
0%
932 jim
0%
674 Joey
0%
969 Michael
0%
580 new
0%
972 occhiata
0%
641 onore
0%
785 permesso
0%
957 pianeta
0%
998 posizione
0%
868 preoccuparti
0%
809 prigione
0%
905 rapporto
0%
866 ricevuto
0%
966 rispetto
0%
831 saperlo
0%
705 scena
0%
910 scoperto
0%
985 sembrava
0%
853 servizio
0%
936 servono
0%
753 sicurezza
0%
738 smettila
0%
817 specie
0%
758 tenente
0%
897 terribile
0%
645 tieni
0%
824 vattene
0%
889 vederti
0%
685 York
0%
No matching quizzes found
Score Distribution
Percent of People with Each Score
Percentile by Number Answered
Your Score History
You have not taken this quiz